000 00238nam a2200109Ia 4500
008 190216s9999||||xx |||||||||||||| ||und||
100 _aPrabhakarn
245 0 _aJanthu Janam
260 _bNayana Books
650 _aMalayalam
942 _cBK
999 _c26564
_d26564